Normal view MARC view

Entry Topical Term

Number of records used in: 1

001 - CONTROL NUMBER

  • control field: 12583

003 - CONTROL NUMBER IDENTIFIER

  • control field: OSt

005 - DATE AND TIME OF LATEST TRANSACTION

  • control field: 20180326134752.0

008 - FIXED-LENGTH DATA ELEMENTS

  • fixed length control field: 180326|| aca||aabn | a|a d

040 ## - CATALOGING SOURCE

  • Original cataloging agency: OSt
  • Transcribing agency: OSt

150 ## - HEADING--TOPICAL TERM

  • Topical term or geographic name entry element: Geriatric

670 ## - SOURCE DATA FOUND

  • Source citation: Work cat.: (OSt): Guccione, Andrew A.; Wong, Rita A.; Avers, Dale 12582, Gariatric Physical Therapy